[Event "Bad Woerishofen op"]
[Site "?"]
[Date "2000.??.??"]
[Round "6"]
[White "von Hoesslin, Holger"]
[Black "Potthammel, Joere"]
[Result "0-1"]
[WhiteElo "1800"]
[BlackElo "1907"]
[Annotator "ChessOrg"]
[PlyCount "66"]
[EventDate "2000.??.??"]
[Source "ChessBase"]
[SourceDate "1998.04.29"]

1. e4 c6 2. d4 d5 3. e5 Bf5 4. Nc3 e6 5. g4 Bg6 6. Nge2 c5 7. Be3 Nc6 8. Ng3
Qb6 9. Bb5 a6 10. Bxc6+ bxc6 11. Na4 Qa5+ 12. c3 cxd4 13. Bxd4 c5 14. Be3 Rb8
15. O-O h5 16. gxh5 Bh7 17. b3 Nh6 18. h3 Nf5 19. Nxf5 Bxf5 20. Kh2 g6 21. f4
Rxh5 22. Rf3 Be7 23. Qg1 Rc8 24. Bf2 Kf8 25. Nb2 Kg7 26. Nd1 Rch8 27. b4 cxb4
28. cxb4 Qxb4 29. Be1 Rxh3+ 30. Rxh3 Rxh3+ 31. Kg2 Qe4+ 32. Kf1 Qf3+ 33. Nf2
Bd3# 0-1

[Event "Bad Woerishofen op"]
[Site "?"]
[Date "2000.??.??"]
[Round "8"]
[White "von Hoesslin, Holger"]
[Black "Thielemann, Joachim"]
[Result "0-1"]
[WhiteElo "1800"]
[BlackElo "1905"]
[Annotator "ChessOrg"]
[PlyCount "104"]
[EventDate "2000.??.??"]
[Source "ChessBase"]
[SourceDate "1998.04.29"]

1. e4 e5 2. Nf3 Nf6 3. Nc3 Nc6 4. d4 exd4 5. Nxd4 Bb4 6. Bg5 a6 7. Nxc6 Bxc3+
8. bxc3 bxc6 9. Qd4 Qe7 10. Bd3 d6 11. O-O h6 12. Bxf6 gxf6 13. c4 Rg8 14. Kh1
Qe5 15. Qe3 Qg5 16. Qxg5 fxg5 17. f4 Rb8 18. f5 f6 19. Rab1 Rb6 20. Rb3 Rxb3
21. axb3 c5 22. Rb1 Kd8 23. b4 cxb4 24. Rxb4 c5 25. Rb1 Re8 26. Kg1 Kc7 27. Kf2
h5 28. h3 Bd7 29. Ra1 Ra8 30. Be2 h4 31. Ke3 a5 32. Kd2 Bc6 33. Bd3 a4 34. Ra3
Re8 35. Ke3 Kb6 36. Kf3 Re5 37. Ke3 Ka5 38. c3 Re8 39. Bc2 Rb8 40. Kd2 Rb2 41.
Kc1 Rxc2+ 42. Kxc2 Bxe4+ 43. Kc1 Bxg2 44. Ra2 Bxh3 45. Rd2 Bxf5 46. Rxd6 h3 47.
Rxf6 Be4 48. Rh6 g4 49. Kd2 a3 50. Ke3 Bf3 51. Kf2 a2 52. Rh8 a1=Q 0-1

[Event "Bad Woerishofen op"]
[Site "?"]
[Date "2000.??.??"]
[Round "1"]
[White "Walther, Diethelm"]
[Black "Miessner, Rolf"]
[Result "1-0"]
[WhiteElo "2069"]
[BlackElo "1750"]
[Annotator "ChessOrg"]
[PlyCount "55"]
[EventDate "2000.??.??"]
[Source "ChessBase"]
[SourceDate "1998.04.29"]

1. d4 Nf6 2. Nf3 d5 3. Bf4 Nbd7 4. e3 b6 5. c4 Bb7 6. Nc3 e6 7. Qb3 Be7 8. Nb5
O-O 9. Bxc7 Qc8 10. Bg3 a5 11. Bd6 Bxd6 12. Nxd6 Qc6 13. Nxb7 Qxb7 14. cxd5
Nxd5 15. Bb5 Rfc8 16. O-O Rc7 17. a3 Rac8 18. Qd3 Nb8 19. e4 Nf6 20. e5 Nd5 21.
Ng5 g6 22. Ne4 Rc2 23. Nd6 Qc7 24. Nxc8 Qxc8 25. Rab1 Nf4 26. Qe3 g5 27. Rfc1
Qb7 28. Bf1 1-0

[Event "Bad Woerishofen op"]
[Site "?"]
[Date "2000.??.??"]
[Round "3"]
[White "Walther, Diethelm"]
[Black "Frantzke, Helmut"]
[Result "1-0"]
[WhiteElo "2069"]
[BlackElo "1869"]
[Annotator "ChessOrg"]
[PlyCount "51"]
[EventDate "2000.??.??"]
[Source "ChessBase"]
[SourceDate "1998.04.29"]

1. d4 c6 2. Nf3 d5 3. Bf4 g6 4. Qd2 Bg7 5. h3 Nf6 6. Bh6 Ne4 7. Qf4 O-O 8. Bxg7
Kxg7 9. Nbd2 Nd6 10. g4 f6 11. e4 g5 12. Qe3 dxe4 13. Nxe4 Nf7 14. Bd3 Na6 15.
O-O-O Nb4 16. Bc4 Nd5 17. Bxd5 cxd5 18. Ng3 Re8 19. Kb1 b5 20. Nd2 a5 21. h4 e5
22. hxg5 Nxg5 23. f4 Nf7 24. fxe5 fxe5 25. dxe5 Rxe5 26. Qf2 1-0

[Event "Bad Woerishofen op"]
[Site "?"]
[Date "2000.??.??"]
[Round "6"]
[White "Walther, Diethelm"]
[Black "Zoltek, Tadeusz"]
[Result "1/2-1/2"]
[WhiteElo "2069"]
[BlackElo "2289"]
[Annotator "ChessOrg"]
[PlyCount "142"]
[EventDate "2000.??.??"]
[Source "ChessBase"]
[SourceDate "1998.04.29"]

1. d4 d5 2. Nf3 Nf6 3. Bf4 e6 4. e3 Bd6 5. Bg3 O-O 6. Nbd2 b6 7. Bd3 c5 8. c3
Ba6 9. Bxa6 Nxa6 10. Ne5 Bxe5 11. Bxe5 Nd7 12. Bg3 f5 13. O-O Nc7 14. Qe2 Ne8
15. Rad1 c4 16. f3 Qf6 17. Rde1 b5 18. Qf2 Qh6 19. Be5 Nxe5 20. dxe5 Nc7 21. a4
bxa4 22. Qe2 Rab8 23. Rb1 Nb5 24. Rfc1 Rb6 25. Ra1 a3 26. bxa3 Nc7 27. Rcb1
Rfb8 28. Rxb6 Rxb6 29. a4 Na6 30. f4 Rb2 31. Qd1 g5 32. Nxc4 Rb8 33. Nd6 gxf4
34. Qf1 Nc5 35. exf4 Rb2 36. Rb1 Nxa4 37. Rxb2 Nxb2 38. Qb5 Nc4 39. Qe8+ Qf8
40. Qxe6+ Kh8 41. Nf7+ Kg8 42. Ng5+ Kh8 43. Qxd5 Nb6 44. Qd4 Qe7 45. Qd6 Qxd6
46. Nf7+ Kg8 47. Nxd6 a5 48. g3 a4 49. Nxf5 a3 50. Nd4 a2 51. Nc2 Nd5 52. Kf2
Nxc3 53. Ke3 Kf7 54. f5 Nb5 55. g4 h6 56. h4 Na3 57. Na1 Nc4+ 58. Kf4 Nb2 59.
g5 hxg5+ 60. hxg5 Nd3+ 61. Ke4 Nb4 62. Kd4 Nc6+ 63. Kd5 Ne7+ 64. Ke4 Nc6 65.
g6+ Kg7 66. Kd5 Ne7+ 67. Ke6 Nc6 68. Kd5 Ne7+ 69. Ke4 Nc6 70. Kf4 Nd4 71. Ke4
Nc6 1/2-1/2

[Event "Bad Woerishofen op"]
[Site "?"]
[Date "2000.??.??"]
[Round "8"]
[White "Walther, Diethelm"]
[Black "Bierwisch, Bernhard"]
[Result "0-1"]
[WhiteElo "2069"]
[BlackElo "2109"]
[Annotator "ChessOrg"]
[PlyCount "124"]
[EventDate "2000.??.??"]
[Source "ChessBase"]
[SourceDate "1998.04.29"]

1. d4 Nf6 2. Nf3 g6 3. Bf4 Bg7 4. c4 d6 5. Nc3 Nbd7 6. Qd2 c5 7. e3 a6 8. h3
Rb8 9. Be2 b6 10. Rb1 Bb7 11. O-O Ne4 12. Qc2 Nxc3 13. bxc3 O-O 14. Rfd1 Qc7
15. e4 e5 16. Bc1 Rfe8 17. d5 Re7 18. Nh2 Bc8 19. Ng4 h5 20. Ne3 Nf8 21. g4 Qd7
22. Kg2 Nh7 23. Rh1 h4 24. Bd2 Bf6 25. Nf1 Bg5 26. Bxg5 Nxg5 27. Ne3 f6 28.
Rhf1 Qe8 29. Bd3 Bd7 30. f4 Ba4 31. Qf2 Nxe4 32. Bxe4 exf4 33. Bxg6 Qxg6 34.
Nf5 Re5 35. Qxf4 Bc2 36. Qxe5 fxe5 37. Ne7+ Kg7 38. Nxg6 Bxb1 39. Nxh4 Bd3 40.
Rd1 Bxc4 41. Nf5+ Kg6 42. Nxd6 Bxa2 43. Kf3 Rd8 44. Nf5 Bb3 45. Rd2 a5 46. Ke4
a4 47. Ne3 a3 48. Rf2 a2 49. Rf1 Ra8 50. Ra1 b5 51. h4 Rh8 52. h5+ Kg5 53. Rf1
Rf8 54. Rh1 b4 55. cxb4 cxb4 56. Kxe5 Re8+ 57. Kd4 Rxe3 58. Kxe3 Bxd5 59. Rd1
b3 60. Rxd5+ Kxg4 61. Ra5 b2 62. Rxa2 b1=Q 0-1

[Event "Bad Woerishofen op"]
[Site "?"]
[Date "2000.??.??"]
[Round "3"]
[White "Weber, Gerhard"]
[Black "Hausner, Alfreda"]
[Result "1/2-1/2"]
[WhiteElo "1824"]
[BlackElo "1670"]
[Annotator "ChessOrg"]
[PlyCount "73"]
[EventDate "2000.??.??"]
[Source "ChessBase"]
[SourceDate "1998.04.29"]

1. e4 e6 2. d4 d5 3. Nd2 dxe4 4. Nxe4 Bd7 5. Nf3 Bc6 6. Bd3 Nf6 7. Qe2 Nxe4 8.
Bxe4 Bxe4 9. Qxe4 c6 10. O-O Be7 11. Ne5 Nd7 12. Nxd7 Qxd7 13. Bf4 Qd5 14. Rfe1
Qxe4 15. Rxe4 O-O 16. Kf1 Rfd8 17. c3 Bf8 18. Rae1 g6 19. h4 h5 20. Be5 Bg7 21.
Bxg7 Kxg7 22. f3 Rd7 23. Kf2 Rad8 24. g4 hxg4 25. fxg4 c5 26. dxc5 Rd5 27. b4
Rd3 28. R4e3 Kf8 29. Kf3 Rd2 30. R1e2 Rd1 31. Rh2 Rf1+ 32. Ke4 f5+ 33. gxf5
gxf5+ 34. Ke5 Kf7 35. c4 Rc1 36. Kf4 Rxc4+ 37. Kf3 1/2-1/2

[Event "Bad Woerishofen op"]
[Site "?"]
[Date "2000.??.??"]
[Round "5"]
[White "Weber, Gerhard"]
[Black "Reer, Erdmann"]
[Result "1/2-1/2"]
[WhiteElo "1824"]
[BlackElo "2158"]
[Annotator "ChessOrg"]
[PlyCount "93"]
[EventDate "2000.??.??"]
[Source "ChessBase"]
[SourceDate "1998.04.29"]

1. f4 d5 2. Nf3 Nf6 3. b3 c5 4. Bb2 Nc6 5. e3 e6 6. Bb5 Bd7 7. O-O Be7 8. d3
O-O 9. Nbd2 a6 10. Bxc6 Bxc6 11. Ne5 Rc8 12. Ndf3 Nd7 13. Nxd7 Bxd7 14. Ne5 f6
15. Nxd7 Qxd7 16. Qf3 b5 17. c4 Rfd8 18. Rad1 Qc6 19. f5 dxc4 20. dxc4 Qxf3 21.
Rxd8+ Rxd8 22. Rxf3 Rd1+ 23. Rf1 Rxf1+ 24. Kxf1 bxc4 25. bxc4 exf5 26. Ke2 Kf7
27. Kd3 Ke6 28. Ke2 g5 29. h3 h5 30. Kf3 Bd6 31. Ba3 g4+ 32. Ke2 Kd7 33. Kd3
Ke6 34. Bc1 Be7 35. Bd2 Bd6 36. Bc1 Bc7 37. Bd2 Bd6 38. Bc1 gxh3 39. gxh3 Be5
40. Ke2 Kf7 41. Kf3 Kg6 42. Bd2 Kg5 43. Be1 Bd6 44. Bf2 Kg6 45. Be1 Kf7 46. Bd2
Ke6 47. Be1 1/2-1/2

[Event "Bad Woerishofen op"]
[Site "?"]
[Date "2000.??.??"]
[Round "2"]
[White "Weber, Siegfried"]
[Black "Nygaard, Kaare"]
[Result "1-0"]
[WhiteElo "1651"]
[BlackElo "1238"]
[Annotator "ChessOrg"]
[PlyCount "41"]
[EventDate "2000.??.??"]
[Source "ChessBase"]
[SourceDate "1998.04.29"]

1. e4 e5 2. Nf3 Nf6 3. Nxe5 d6 4. Nf3 Nxe4 5. Qe2 Qe7 6. d3 Nf6 7. Nc3 Qxe2+ 8.
Bxe2 Be7 9. h3 Be6 10. Nd4 Bd7 11. Bf3 c6 12. Bf4 Na6 13. a3 Nc7 14. O-O O-O
15. Rfe1 Rfe8 16. Rxe7 Ne6 17. Rxe8+ Rxe8 18. Nxe6 Rxe6 19. Ne4 Nxe4 20. Bxe4
d5 21. Bf5 1-0

[Event "Bad Woerishofen op"]
[Site "?"]
[Date "2000.??.??"]
[Round "4"]
[White "Weber, Siegfried"]
[Black "Weber, Gerhard"]
[Result "0-1"]
[WhiteElo "1651"]
[BlackElo "1824"]
[Annotator "ChessOrg"]
[PlyCount "64"]
[EventDate "2000.??.??"]
[Source "ChessBase"]
[SourceDate "1998.04.29"]

1. e4 e5 2. Nf3 Nc6 3. Bc4 Nf6 4. d4 exd4 5. O-O Nxe4 6. Re1 d5 7. Bxd5 Qxd5 8.
Nc3 Qa5 9. Nxe4 Be6 10. Neg5 O-O-O 11. Nxe6 fxe6 12. Rxe6 Bd6 13. Qe2 Kd7 14.
Bd2 Qh5 15. Re1 Rde8 16. Qc4 Ref8 17. Rxd6+ cxd6 18. Nxd4 Qf7 19. Qxf7+ Rxf7
20. Nxc6 bxc6 21. Re3 Re8 22. Kf1 Rxe3 23. Bxe3 c5 24. c3 Kc6 25. Ke2 a5 26.
Kd3 d5 27. a4 Re7 28. f3 Rb7 29. Kc2 g6 30. b3 c4 31. b4 axb4 32. cxb4 Rxb4 0-1

[Event "Bad Woerishofen op"]
[Site "?"]
[Date "2000.??.??"]
[Round "6"]
[White "Weber, Siegfried"]
[Black "Schneider, Miloca"]
[Result "1/2-1/2"]
[WhiteElo "1651"]
[BlackElo "1780"]
[Annotator "ChessOrg"]
[PlyCount "120"]
[EventDate "2000.??.??"]
[Source "ChessBase"]
[SourceDate "1998.04.29"]

1. e4 d5 2. exd5 Qxd5 3. Nc3 Qa5 4. d4 c6 5. Bc4 Nf6 6. Bd2 Qb6 7. Nge2 Bf5 8.
Bb3 e6 9. O-O Bd6 10. h3 O-O 11. Be3 Nd5 12. Nxd5 cxd5 13. Qd2 a5 14. a4 Nc6
15. Nc3 Bb4 16. Rfd1 Rfc8 17. Qe2 Na7 18. Nb5 Nxb5 19. axb5 Qd8 20. c3 Be7 21.
Rdc1 b6 22. Ra4 Bg5 23. c4 dxc4 24. Raxc4 Bf6 25. Rxc8 Rxc8 26. Qd2 Rxc1+ 27.
Qxc1 g6 28. Qc3 Be4 29. Qd2 Bd5 30. Ba4 Be7 31. Qd3 Bb4 32. Bb3 Qc7 33. Bxd5
exd5 34. b3 f5 35. Bh6 Kf7 36. g3 Bd6 37. Qf3 Ke6 38. g4 f4 39. g5 Qc1+ 40. Kg2
Qc2 41. Qg4+ Ke7 42. Bg7 f3+ 43. Qxf3 Qe4 44. Bf8+ Ke6 45. Bg7 Bc7 46. Bf6 Kd7
47. Qxe4 dxe4 48. Kf1 Ke6 49. Ke2 Kf5 50. f3 exf3+ 51. Kxf3 Ke6 52. Ke4 Kd7 53.
Be5 Bd8 54. Bf6 Bc7 55. Be5 Bd8 56. h4 Be7 57. Bb8 Bf8 58. Ke5 Be7 59. Kd5 Bf8
60. Be5 Bb4 1/2-1/2

[Event "Bad Woerishofen op"]
[Site "?"]
[Date "2000.??.??"]
[Round "8"]
[White "Weber, Siegfried"]
[Black "Gestrich, Wolfgang"]
[Result "1/2-1/2"]
[WhiteElo "1651"]
[BlackElo "1543"]
[Annotator "ChessOrg"]
[PlyCount "60"]
[EventDate "2000.??.??"]
[Source "ChessBase"]
[SourceDate "1998.04.29"]

1. e4 d6 2. d4 Nf6 3. f3 c6 4. c4 Qc7 5. Be3 e5 6. d5 c5 7. Nc3 a6 8. Bd3 h6 9.
Nge2 g5 10. h3 Bg7 11. Ng3 O-O 12. Qc2 Re8 13. Ke2 Nh7 14. Nf5 Bxf5 15. exf5 f6
16. Ne4 Rd8 17. h4 Kf8 18. hxg5 Nxg5 19. Rh5 Nxe4 20. Bxe4 Qf7 21. Rah1 Ke7 22.
g4 Rh8 23. Bxh6 Nd7 24. Bxg7 Qxg7 25. Kd3 Rxh5 26. Rxh5 Rh8 27. Qh2 Rxh5 28.
Qxh5 b6 29. a4 a5 30. Kc2 Nb8 1/2-1/2

[Event "Bad Woerishofen op"]
[Site "?"]
[Date "2000.??.??"]
[Round "1"]
[White "Weibrecht, Carl"]
[Black "Margraf, Achim"]
[Result "0-1"]
[WhiteElo "1600"]
[BlackElo "1883"]
[Annotator "ChessOrg"]
[PlyCount "122"]
[EventDate "2000.??.??"]
[Source "ChessBase"]
[SourceDate "1998.04.29"]

1. c4 Nf6 2. d4 e6 3. Nc3 Bb4 4. Bd2 c5 5. Nf3 b6 6. a3 Bxc3 7. Bxc3 cxd4 8.
Nxd4 O-O 9. f3 d5 10. cxd5 Nxd5 11. g3 Ba6 12. Qd2 Nd7 13. Bg2 Rc8 14. Rc1 Nc5
15. b4 Na4 16. Ba1 Rxc1+ 17. Qxc1 Qc8 18. O-O Nac3 19. Kf2 Qc4 20. Bxc3 Nxc3
21. Qe3 Rc8 22. Re1 Qa2 23. b5 Nxb5 24. Nxb5 Bxb5 25. f4 Qc2 26. Qe5 Qc5+ 27.
Qxc5 bxc5 28. Rc1 Kf8 29. Rc3 Ke7 30. Be4 h6 31. h4 Kd6 32. g4 f6 33. e3 e5 34.
Bc2 exf4 35. exf4 Kd5 36. a4 Ba6 37. Re3 Rc7 38. f5 Kd4 39. Ra3 Re7 40. Bd1 Bd3
41. a5 c4 42. Ra4 Kc5 43. a6 Kb5 44. Ra2 Rc7 45. Ke3 h5 46. gxh5 Bxf5 47. Be2
Bc8 48. Kd4 Kb4 49. Kd5 c3 50. Bd3 Kb3 51. Rg2 Rd7+ 52. Ke4 Rxd3 53. Kxd3 Bxa6+
54. Ke3 c2 55. Kd2 Kb2 56. Rg1 Bd3 57. Rxg7 c1=Q+ 58. Kxd3 a5 59. Rb7+ Ka3 60.
Rb6 f5 61. h6 Qd1+ 0-1

[Event "Bad Woerishofen op"]
[Site "?"]
[Date "2000.??.??"]
[Round "3"]
[White "Weibrecht, Carl"]
[Black "Malik, Rosemarie"]
[Result "1-0"]
[WhiteElo "1600"]
[BlackElo "1248"]
[Annotator "ChessOrg"]
[PlyCount "79"]
[EventDate "2000.??.??"]
[Source "ChessBase"]
[SourceDate "1998.04.29"]

1. c4 c5 2. g3 g6 3. Bg2 Bg7 4. Nc3 e6 5. d3 Nf6 6. Bf4 O-O 7. Bd6 Re8 8. Nb5
Nc6 9. Nc7 Nb8 10. Nxa8 Qa5+ 11. Qd2 Nc6 12. Qxa5 Nxa5 13. Nc7 b6 14. Nxe8 Nxe8
15. Bb8 Bxb2 16. Rb1 Bc3+ 17. Kf1 Nb7 18. Bxa7 Ba5 19. Bxb6 Bxb6 20. Rxb6 Nbd6
21. Rb8 Kg7 22. h4 Nf6 23. Nh3 h5 24. Nf4 Kf8 25. f3 Ke7 26. Kf2 Bb7 27. Rb1
Bc6 28. e4 Nh7 29. Rh8 Nf8 30. Rb8 Ne8 31. g4 hxg4 32. fxg4 d6 33. g5 Bd7 34.
h5 gxh5 35. Rxh5 e5 36. Nd5+ Ke6 37. Bh3+ f5 38. gxf6+ Kf7 39. Bxd7 Nxd7 40.
Rh7+ 1-0

[Event "Bad Woerishofen op"]
[Site "?"]
[Date "2000.??.??"]
[Round "7"]
[White "Weibrecht, Carl"]
[Black "Tochtermann, Georg"]
[Result "0-1"]
[WhiteElo "1600"]
[BlackElo "1864"]
[Annotator "ChessOrg"]
[PlyCount "98"]
[EventDate "2000.??.??"]
[Source "ChessBase"]
[SourceDate "1998.04.29"]

1. c4 c5 2. Nc3 b6 3. Nf3 Bb7 4. e3 Nf6 5. Be2 g6 6. O-O Bg7 7. d4 d6 8. d5 O-O
9. e4 Nbd7 10. Bf4 Nh5 11. Bd2 Bc8 12. Rb1 Re8 13. Ng5 Nhf6 14. f4 h6 15. Nf3
Nh7 16. Kh1 Ndf8 17. Bd3 e5 18. f5 g5 19. Qc1 Nf6 20. Ne2 N8h7 21. Nfg1 Nh5 22.
g3 Bf6 23. Rf2 Ng7 24. Qf1 h5 25. h3 Kf8 26. h4 gxh4 27. Bh6 Bg5 28. Bxg7+ Kxg7
29. gxh4 Bxh4 30. Rg2+ Kh8 31. Qf3 Nf6 32. Rh2 Ng4 33. Rh3 Qg5 34. Qg2 Nf2+ 35.
Kh2 Qxg2+ 36. Kxg2 Nxh3 37. Kxh3 Bf2 38. Nf3 Rg8 39. Rf1 Bd4 40. b3 Bd7 41.
Nexd4 cxd4 42. Kh4 Rg2 43. Kxh5 Kg7 44. f6+ Kh7 45. Ng5+ Kg8 46. Nf3 Bg4+ 47.
Kh4 Bxf3 48. Rxf3 Rg6 49. Bf1 Kh7 0-1

[Event "Bad Woerishofen op"]
[Site "Bad Woerishofen"]
[Date "2000.??.??"]
[Round "9"]
[White "Weibrecht, Carl"]
[Black "Disselberger, Alfons"]
[Result "1/2-1/2"]
[WhiteElo "1600"]
[BlackElo "1271"]
[Annotator "ChessOrg"]
[PlyCount "21"]
[EventDate "1998.03.05"]
[Source "ChessBase"]
[SourceDate "1998.04.29"]

1. c4 c5 2. Nc3 e6 3. e4 b6 4. Nf3 Bb7 5. Be2 Nc6 6. d3 Be7 7. Bf4 Nd4 8. Be3
Nc6 9. Bf4 Nd4 10. Be3 Nc6 11. Bf4 1/2-1/2

[Event "Bad Woerishofen op"]
[Site "?"]
[Date "2000.??.??"]
[Round "1"]
[White "Weigel, Herbert"]
[Black "Kahler, Kurt"]
[Result "1-0"]
[WhiteElo "2188"]
[BlackElo "1756"]
[Annotator "ChessOrg"]
[PlyCount "89"]
[EventDate "2000.??.??"]
[Source "ChessBase"]
[SourceDate "1998.04.29"]

1. e4 c5 2. Nf3 d6 3. d4 cxd4 4. Nxd4 Nf6 5. Nc3 a6 6. Bc4 e5 7. Nf3 b5 8. Bb3
Be6 9. O-O Nc6 10. Bg5 Be7 11. Bxf6 Bxf6 12. Nd5 Rc8 13. c3 Bg4 14. a4 Na5 15.
axb5 Bxf3 16. gxf3 axb5 17. Nxf6+ gxf6 18. Qd5 Nxb3 19. Ra7 O-O 20. Qxb3 Qb6
21. Rfa1 f5 22. exf5 Qc6 23. Qd1 Kh8 24. Qe2 Rg8+ 25. Kh1 Ra8 26. Qe4 Rxa7 27.
Rxa7 Qc5 28. Qe3 Qc4 29. Ra1 Qc5 30. Rd1 Qc6 31. Qe4 Qc5 32. Qh4 Qc6 33. Qe4
Qc5 34. Qh4 Qc6 35. Qf6+ Rg7 36. Rd3 Qa8 37. Qxd6 Qa1+ 38. Rd1 Qa8 39. Qd5 Qe8
40. Re1 f6 41. f4 Qh5 42. fxe5 Re7 43. Rg1 Qf7 44. Qxf7 Rxf7 45. e6 1-0

[Event "Bad Woerishofen op"]
[Site "?"]
[Date "2000.??.??"]
[Round "3"]
[White "Weigel, Herbert"]
[Black "Braeu, Ludwig"]
[Result "1/2-1/2"]
[WhiteElo "2188"]
[BlackElo "1830"]
[Annotator "ChessOrg"]
[PlyCount "41"]
[EventDate "2000.??.??"]
[Source "ChessBase"]
[SourceDate "1998.04.29"]

1. e4 c5 2. Nf3 Nc6 3. d4 cxd4 4. Nxd4 g6 5. c4 Nf6 6. Nc3 Nxd4 7. Qxd4 d6 8.
Be2 Bg7 9. Be3 O-O 10. Qd2 a6 11. O-O Be6 12. Rac1 b5 13. cxb5 axb5 14. Bxb5
Bxa2 15. Bc6 Bc4 16. Rfe1 Rc8 17. Ba4 Ng4 18. Bd4 Bh6 19. Be3 Qa5 20. b3 Be6
21. Qd3 1/2-1/2

[Event "Bad Woerishofen op"]
[Site "?"]
[Date "2000.??.??"]
[Round "5"]
[White "Weigel, Herbert"]
[Black "Schuler, Georg"]
[Result "1-0"]
[WhiteElo "2188"]
[BlackElo "1919"]
[Annotator "ChessOrg"]
[PlyCount "77"]
[EventDate "2000.??.??"]
[Source "ChessBase"]
[SourceDate "1998.04.29"]

1. e4 c5 2. Nf3 d6 3. d4 cxd4 4. Nxd4 Nf6 5. Nc3 a6 6. Bc4 g6 7. h3 Bg7 8. Be3
O-O 9. O-O Nc6 10. Qd2 Bd7 11. Rfe1 Qc8 12. Bf1 b5 13. a3 Re8 14. Rad1 Qb7 15.
f3 Rac8 16. Nxc6 Rxc6 17. Nd5 Be6 18. c3 Nd7 19. Bd4 Ne5 20. Bxe5 dxe5 21. Kh2
h5 22. g4 hxg4 23. hxg4 Kh7 24. Kg3 Rd6 25. c4 Bxd5 26. cxd5 Rh8 27. Bd3 Rhd8
28. Bc2 f6 29. Bb3 Kg8 30. Rc1 Kf7 31. Rh1 g5 32. Rh7 Rg8 33. Qh2 Kf8 34. Qh5
a5 35. Qg6 a4 36. Ba2 f5 37. Qxf5+ Ke8 38. Rc8+ Rd8 39. Qg6+ 1-0

[Event "Bad Woerishofen op"]
[Site "?"]
[Date "2000.??.??"]
[Round "7"]
[White "Weigel, Herbert"]
[Black "Rahn, Oskar"]
[Result "1-0"]
[WhiteElo "2188"]
[BlackElo "2095"]
[Annotator "ChessOrg"]
[PlyCount "61"]
[EventDate "2000.??.??"]
[Source "ChessBase"]
[SourceDate "1998.04.29"]

1. e4 e5 2. Nf3 Nc6 3. Bb5 a6 4. Ba4 d6 5. d4 exd4 6. Nxd4 Bd7 7. Nxc6 bxc6 8.
O-O g6 9. Be3 Bg7 10. Bd4 Bxd4 11. Qxd4 Qf6 12. Qc4 Ne7 13. Nc3 O-O 14. Rad1
Be6 15. Qd3 Qe5 16. Bb3 g5 17. g3 Bh3 18. f4 gxf4 19. Rxf4 Ng6 20. Rf2 Kg7 21.
Qc4 Qe7 22. Qxc6 Ne5 23. Qa4 c6 24. Qd4 Rad8 25. Ne2 Bg4 26. Rdf1 f6 27. Nf4
Nd7 28. h3 Qe5 29. Qe3 Nc5 30. hxg4 Rde8 31. Nh5+ 1-0

[Event "Bad Woerishofen op"]
[Site "?"]
[Date "2000.??.??"]
[Round "8"]
[White "Weigel, Herbert"]
[Black "Zoltek, Tadeusz"]
[Result "0-1"]
[WhiteElo "2158"]
[BlackElo "2289"]
[Annotator "ChessOrg"]
[PlyCount "83"]
[EventDate "2000.??.??"]
[Source "ChessBase"]
[SourceDate "1998.04.29"]

1. d4 d5 2. c4 e6 3. Nc3 Nf6 4. cxd5 exd5 5. Bg5 c6 6. e3 Be7 7. Bd3 O-O 8. Qc2
Nbd7 9. Nge2 Re8 10. O-O Nf8 11. Rad1 Nh5 12. Bxe7 Qxe7 13. Rfe1 Qg5 14. Ng3
Nxg3 15. hxg3 Re6 16. Ne2 Rh6 17. Nf4 Bd7 18. b4 a6 19. a4 Ng6 20. Bxg6 hxg6
21. Qc5 Re8 22. e4 b6 23. Qxb6 dxe4 24. d5 Rh8 25. dxc6 Qh6 26. f3 g5 27. Rxd7
gxf4 28. gxf4 Qh1+ 29. Kf2 Qh4+ 30. Kf1 Qxf4 31. Qg1 e3 32. c7 Qc4+ 33. Re2
Qc1+ 34. Re1 e2+ 35. Kf2 Qc6 36. Rd2 Qb6+ 37. Kg3 Qxc7+ 38. Kf2 Qb6+ 39. Kg3
Qxg1 40. Rxg1 e1=Q+ 41. Rxe1 Rxe1 42. Rd6 0-1

[Event "Bad Woerishofen op"]
[Site "?"]
[Date "2000.??.??"]
[Round "2"]
[White "Wendel, Walter"]
[Black "Meyer, Walter"]
[Result "0-1"]
[WhiteElo "1600"]
[BlackElo "1777"]
[Annotator "ChessOrg"]
[PlyCount "58"]
[EventDate "2000.??.??"]
[Source "ChessBase"]
[SourceDate "1998.04.29"]

1. Nf3 c5 2. c4 Nc6 3. Nc3 g6 4. d4 cxd4 5. Nxd4 Bg7 6. e3 Nf6 7. Be2 O-O 8.
O-O h6 9. Bf3 Ne5 10. Qe2 Qc7 11. b3 d6 12. Nd5 Nxd5 13. Bxd5 Bd7 14. Bb2 Rac8
15. Rac1 Qb8 16. Kh1 Nc6 17. Bxc6 Bxc6 18. Nxc6 Rxc6 19. Bxg7 Kxg7 20. Rfd1
Rfc8 21. e4 b5 22. Qb2+ f6 23. g4 bxc4 24. Rc3 cxb3 25. Rxb3 Qa8 26. Rb7 R6c7
27. Rxc7 Qxe4+ 28. f3 Qxf3+ 29. Qg2 Qxd1+ 0-1

[Event "Bad Woerishofen op"]
[Site "?"]
[Date "2000.??.??"]
[Round "4"]
[White "Wendel, Walter"]
[Black "Stoll, Richard"]
[Result "0-1"]
[WhiteElo "1600"]
[BlackElo "1696"]
[Annotator "ChessOrg"]
[PlyCount "94"]
[EventDate "2000.??.??"]
[Source "ChessBase"]
[SourceDate "1998.04.29"]

1. Nf3 g6 2. d4 Bg7 3. c4 d6 4. Nc3 Nc6 5. e3 e5 6. d5 Nce7 7. e4 Nh6 8. Be2 f6
9. Bd2 O-O 10. Qc1 Nf7 11. O-O f5 12. Ng5 Nxg5 13. Bxg5 Qe8 14. Bh6 a6 15. Bxg7
Kxg7 16. exf5 Nxf5 17. Ne4 h6 18. Qc3 Nd4 19. Rae1 Bf5 20. Ng3 Qe7 21. f4 Rae8
22. fxe5 dxe5 23. Nxf5+ gxf5 24. Bh5 Qc5 25. Qg3+ Kh8 26. Re3 Rg8 27. Qf2 Re7
28. b3 f4 29. Re4 Qd6 30. Rfe1 Rg5 31. Bf3 Reg7 32. Rxd4 exd4 33. Qxd4 Kg8 34.
Re8+ Kf7 35. Re6 Qd8 36. Qxf4+ Kg8 37. Qe4 Qd7 38. Re8+ Kf7 39. Bh5+ Rxh5 40.
Re6 Rhg5 41. Qf4+ Kg8 42. g3 R5g6 43. Re5 Rf7 44. Qe4 Qg4 45. Qe1 Rgf6 46. Re8+
Kg7 47. Qe5 Qd1+ 0-1

[Event "Bad Woerishofen op"]
[Site "?"]
[Date "2000.??.??"]
[Round "6"]
[White "Wendel, Walter"]
[Black "Buchner, Matthias"]
[Result "0-1"]
[WhiteElo "1600"]
[BlackElo "1683"]
[Annotator "ChessOrg"]
[PlyCount "60"]
[EventDate "2000.??.??"]
[Source "ChessBase"]
[SourceDate "1998.04.29"]

1. Nf3 Nc6 2. c4 e5 3. Nc3 Nf6 4. d3 Be7 5. e3 O-O 6. Be2 a6 7. e4 h6 8. Be3
Ng4 9. Qd2 Nxe3 10. fxe3 d6 11. Nd5 Be6 12. Nxe7+ Qxe7 13. O-O b5 14. d4 exd4
15. exd4 Bxc4 16. Bxc4 bxc4 17. Rae1 Rab8 18. Qc3 Rb6 19. Nd2 Rfb8 20. Nxc4 Rb4
21. Rf3 a5 22. Rg3 Qf6 23. e5 dxe5 24. d5 Nd4 25. Qd2 Rxc4 26. Rf1 Qb6 27. Kh1
Rc2 28. Rxf7 Kxf7 29. Qe1 Rxb2 30. Qf1+ Kg8 0-1

[Event "Bad Woerishofen op"]
[Site "?"]
[Date "2000.??.??"]
[Round "8"]
[White "Wendel, Walter"]
[Black "Becka, Yaromir"]
[Result "0-1"]
[WhiteElo "1600"]
[BlackElo "1666"]
[Annotator "ChessOrg"]
[PlyCount "64"]
[EventDate "2000.??.??"]
[Source "ChessBase"]
[SourceDate "1998.04.29"]

1. Nf3 d5 2. d4 e6 3. e3 Nf6 4. c4 c6 5. c5 b6 6. b4 a5 7. Bd2 axb4 8. Bxb4
Nbd7 9. Qc2 bxc5 10. dxc5 Qc7 11. Be2 Be7 12. Nbd2 O-O 13. O-O e5 14. e4 d4 15.
Bc4 h6 16. Bb3 Ba6 17. Rfc1 Nh7 18. Ne1 Bg5 19. Nd3 Kh8 20. Qd1 Bxd2 21. Bxd2
Bb5 22. Qf3 Ra7 23. a4 Ba6 24. g4 f6 25. Be6 Ng5 26. Bxg5 fxg5 27. Qh3 Rf6 28.
Bf5 Nf8 29. Rab1 Ne6 30. Rb6 Nf4 31. Rxa6 Nxh3+ 32. Kg2 Rxa6 0-1

[Event "Bad Woerishofen op"]
[Site "?"]
[Date "2000.??.??"]
[Round "2"]
[White "Wicklund-Hansen, Richard"]
[Black "Malik, Heinz"]
[Result "1/2-1/2"]
[WhiteElo "2040"]
[BlackElo "1708"]
[Annotator "ChessOrg"]
[PlyCount "58"]
[EventDate "2000.??.??"]
[Source "ChessBase"]
[SourceDate "1998.04.29"]

1. e4 e5 2. Nf3 Nc6 3. g3 Nf6 4. d3 d6 5. Bg2 Be7 6. O-O Be6 7. Ng5 Bd7 8. f4
h6 9. Nf3 Bg4 10. Qe1 Bxf3 11. Bxf3 Nd4 12. Bd1 exf4 13. Bxf4 O-O 14. Nc3 c5
15. Be3 Nc6 16. a3 d5 17. exd5 Nxd5 18. Nxd5 Qxd5 19. Bf3 Qd7 20. Qd2 Qd6 21.
Rae1 Rae8 22. Qf2 b6 23. c4 Ne5 24. Bf4 Bf6 25. Bxe5 Bxe5 26. Qd2 Re7 27. Bd5
Bd4+ 28. Kh1 Rxe1 29. Qxe1 Bf6 1/2-1/2